000 00980nam a22003377a 4500
001 0070153
003 KOHA_MİRAKIL
005 20260207004913.0
007 ta
008 231215b2023 tu |||gr||||#0|||1|tur |
020 _a9786256989962
040 _aTR-BiSEU
_btur
_cTR-BiSEU
_erda
041 0 _atur
044 _ctu
050 _aPL248.E73
_bH35 2023
100 1 _aErdoğan, Selim .
245 1 _aHain: mezarıma tükürecekler!/
_cSelim Erdoğan ; Selim Erdoğan; editör Can Uyar.
264 1 _aİstanbul :
_bKronik Kitap
_c2023
300 _a383 sayfa; 22 cm.
336 _ametin
_btxt
_2rdacontent
337 _aaracısız
_bn
_2rdamedia
338 _acilt
_bnc
_2rdacarrier
490 0 _aKronik Kitap: 435.
490 0 _aTarihi Roman: 4
650 0 _aTarihi roman, Türk.
_924097
650 0 _aHistorical novel, Turkish.
_9136601
830 0 _aKronik Kitap: 435.
_9136602
830 0 _aTarihi Roman: 4
_9136603
907 _aRoman
942 _2lcc
_cBK
999 _c70901
_d70901